We need the sun / (Record no. 9085)
[ view plain ]
| 000 -LEADER | |
|---|---|
| fixed length control field | 00782nam a22002537a 4500 |
| 001 - CONTROL NUMBER | |
| control field | 9085 |
| 003 - CONTROL NUMBER IDENTIFIER | |
| control field | FISKH |
| 005 - DATE AND TIME OF LATEST TRANSACTION | |
| control field | 20251119112827.0 |
| 008 - FIXED-LENGTH DATA ELEMENTS--GENERAL INFORMATION | |
| fixed length control field | 251119b cb ||||| |||| 00| 0 eng d |
| 020 ## - INTERNATIONAL STANDARD BOOK NUMBER | |
| International Standard Book Number | 9780545591812 |
| 040 ## - CATALOGING SOURCE | |
| Original cataloging agency | FISKH |
| Language of cataloging | eng |
| Transcribing agency | FISKH |
| Modifying agency | FISKH |
| 082 ## - DEWEY DECIMAL CLASSIFICATION NUMBER | |
| Classification number | 523.7 |
| 100 ## - MAIN ENTRY--PERSONAL NAME | |
| Personal name | Canizares, Susan |
| 245 ## - TITLE STATEMENT | |
| Title | We need the sun / |
| Statement of responsibility, etc. | By Susan Canizares and Daniel Moreton |
| 260 ## - PUBLICATION, DISTRIBUTION, ETC. | |
| Place of publication, distribution, etc. | New York : |
| Name of publisher, distributor, etc. | Scholastic , |
| Date of publication, distribution, etc. | 2013. |
| 300 ## - PHYSICAL DESCRIPTION | |
| Extent | 16 pages : |
| Other physical details | color illustrations ; |
| Dimensions | 21 X 22 cm . |
| 505 ## - FORMATTED CONTENTS NOTE | |
| Formatted contents note | C <br/> |
| 520 ## - SUMMARY, ETC. | |
| Summary, etc. | The sun works hard all day. Find out what the sun does from sunrise to sunset and why we need it |
| 521 8# - TARGET AUDIENCE NOTE | |
| Target audience note | 100 <br/> |
| Source | Lexile estimate <br/><br/> |
| 521 8# - TARGET AUDIENCE NOTE | |
| Target audience note | C <br/> |
| Source | Raz-Plus <br/> |
| 700 ## - ADDED ENTRY--PERSONAL NAME | |
| Personal name | Daniel Moreton |
| 942 ## - ADDED ENTRY ELEMENTS (KOHA) | |
| Source of classification or shelving scheme | Dewey Decimal Classification |
| Koha item type | Books |
| Suppress in OPAC | No |
| Withdrawn status | Lost status | Source of classification or shelving scheme | Damaged status | Not for loan | Collection | Home library | Current library | Shelving location | Date acquired | Total Checkouts | Full call number | Barcode | Date last seen | Price effective from | Koha item type |
|---|---|---|---|---|---|---|---|---|---|---|---|---|---|---|---|
| Dewey Decimal Classification | Juvenile Fiction | Footprints International School Library Network Toul Tom Poung Campus | Footprints International School Library Network Toul Tom Poung Campus | TTP Primary Green Bookshelves | 11/19/2025 | CAN 523.7 | FISTK02361 | 11/19/2025 | 11/19/2025 | Books |
